| 000 | 00404nam a2200157Ia 4500 | ||
|---|---|---|---|
| 008 | 210210b1983 xxu||||| |||| 00| 0 eng d | ||
| 082 | _a382.6 SAMA | ||
| 100 | _aSAMPANGI (M). | ||
| 245 | _aABC of export marketing. Ed 2. | ||
| 250 | _a | ||
| 260 |
_aNew Delhi. _bSterling Publishers Pvt Ltd., _c1983 |
||
| 300 | _a108 | ||
| 650 | _aExport Marketing | ||
| 690 | _aExport Management | ||
| 906 | _a039850 | ||
| 999 |
_c89887 _d89887 |
||